The green revolution : narratives of politics, technology and gender /

Bibliographic Details
Main Author: Kilby, Patrick (Author)
Corporate Author: Taylor & Francis
Format: eBook
Language:English
Published: Abingdon, Oxon ; New York, NY : Routledge, 2019.
Series:Earthscan food and agriculture.
Subjects:
Online Access:Connect to the full text of this electronic book

MARC

Tag First Indicator Second Indicator Subfields
LEADER 00000cam a2200000 i 4500
001 in00004076021
005 20191219081059.0
006 m o d
007 cr |||||||||||
008 190126t20192019enk ob 001 0 eng
010 |a  2019003868 
020 |a 9780429200823  |q electronic book 
020 |a 042920082X  |q electronic book 
020 |a 9780429575297  |q electronic book 
020 |a 0429575297  |q electronic book 
020 |a 9780429573187  |q electronic book  |q Mobipocket 
020 |a 0429573189  |q electronic book  |q Mobipocket 
020 |a 9780429577406  |q electronic book 
020 |a 0429577400  |q electronic book 
020 |z 9780367191603  |q hardcover 
024 8 |a 40029113559 
035 |a (DLC)ybp15869745 
037 |a 9780429575297  |b Ingram Content Group 
040 |a NhCcYBP  |c NhCcYBP  |d UtOrBLW 
042 |a pcc 
050 4 |a S494.5.I5  |b K55 2019 
072 7 |a BUS  |x 070000  |2 bisacsh 
072 7 |a NAT  |x 000000  |2 bisacsh 
072 7 |a NAT  |x 038000  |2 bisacsh 
072 7 |a POL  |x 044000  |2 bisacsh 
072 7 |a KNAC  |2 bicssc 
082 0 0 |a 338.1/6  |2 23 
100 1 |a Kilby, Patrick,  |e author.  |0 http://id.loc.gov/authorities/names/nb99061736 
245 1 4 |a The green revolution :  |b narratives of politics, technology and gender /  |c Patrick Kilby. 
264 1 |a Abingdon, Oxon ;  |a New York, NY :  |b Routledge,  |c 2019. 
264 4 |c ©2019 
300 |a 1 online resource. 
336 |a text  |b txt  |2 rdacontent 
337 |a computer  |b n  |2 rdamedia 
338 |a online resource  |b cr  |2 rdacarrier 
490 1 |a Earthscan food and agriculture 
500 |a "Routledge Focus" 
504 |a Includes bibliographical references and index. 
505 0 |a The green revolution -- Three green revolution case studies -- Countervailing forces : structural adjustment and the twenty-first century green revolution -- Gender and the green revolution : absent women. 
545 0 |a Patrick Kilby is a Senior Lecturer in the School of Archaeology and Anthropology, Australian National University, Australia. 
588 |a Description based on online resource; title from digital title page (viewed on March 25, 2019). 
500 |a Electronic resource. 
650 0 |a Green Revolution.  |0 http://id.loc.gov/authorities/subjects/sh85057221 
650 0 |a Agricultural innovations.  |0 http://id.loc.gov/authorities/subjects/sh85002334 
655 7 |a Electronic books.  |2 local 
710 2 |a Taylor & Francis.  |0 http://id.loc.gov/authorities/names/n84073022 
776 1 8 |i Print version:  |a Kilby, Patrick, author.  |t Green revolution  |d New York : Routledge, 2019  |z 9780367191603  |w (DLC) 2018055573 
830 0 |a Earthscan food and agriculture.  |0 http://id.loc.gov/authorities/names/no2012026833 
856 4 0 |u http://proxy.library.tamu.edu/login?url=https://www.taylorfrancis.com/books/9780429200823  |z Connect to the full text of this electronic book  |t 0 
955 |a YBP purchased approval e-records 
980 |b 65.95  |g 1 
999 f f |s 906c9aff-6fe0-3583-b15a-df6a875a3ac8  |i fde160c1-6908-34e1-9f67-425326eba28d  |t 0 
952 f f |a Texas A&M University  |b College Station  |c Electronic Resources  |d Available Online  |t 0  |e S494.5.I5 K55 2019  |h Library of Congress classification 
998 f f |a S494.5.I5 K55 2019  |t 0  |l Available Online